Využitie programovacích jazykov v riadení diskrétnych udalostných systémov

Guardado en:
Detalles Bibliográficos
Autor principal: Černý, Juraj (Autor)
Otros Autores: Körösi, Ladislav (Orientador)
Formato: Manuscrito Libro
Lenguaje:eslovaco
Publicado: Bratislava : STU v Bratislave FEI, 2024
Materias:
Acceso en línea:https://opac.crzp.sk/?fn=detailBiblioFormChildOELT1&sid=A6A9937D4AB687F47FC98EA9E4AF&seo=CRZP-detail-kniha
Etiquetas: Agregar Etiqueta
Sin Etiquetas, Sea el primero en etiquetar este registro!

MARC

LEADER 00000ntm a22000003a 4500
001 stuzp92130
003 SK-STU
005 20250331121430.8
007 ta
008 150427s2015----xo-----f-mn---000-0-slo-d
040 |a STU  |b slo 
041 0 |a slo 
044 |a xo 
100 1 |a Černý, Juraj  |u 031000  |4 aut  |U FEI Fakulta elektrotechniky a informatiky  |T FEI Ústav robotiky a kybernetiky  |X 111101  |U E011  |Y 356  |7 111101 
242 0 1 |a The Use of Programming Languages in Discrete Event Systems Control  |y eng 
245 1 0 |a Využitie programovacích jazykov v riadení diskrétnych udalostných systémov 
260 |a Bratislava :  |b STU v Bratislave FEI,  |c 2024 
300 |a 90 s. 
650 4 |a Vijeo Designer  |2 slo 
650 4 |a Unity Pro  |2 slo 
650 4 |a virtuálny model  |2 slo 
650 4 |a PLC  |2 slo 
650 4 |a Factory I/O  |2 slo 
650 4 |a Vijeo Designer  |2 eng 
650 4 |a PLC  |2 eng 
650 4 |a Unity Pro  |2 eng 
650 4 |a virtual model  |2 eng 
650 4 |a Factory I/O  |2 eng 
700 1 |a Körösi, Ladislav  |u 031000  |k Z1  |4 ths  |U FEI Fakulta elektrotechniky a informatiky  |T FEI Ústav robotiky a kybernetiky  |X 4960  |U E011  |Y 356  |7 A000004960 
856 4 |u https://opac.crzp.sk/?fn=detailBiblioFormChildOELT1&sid=A6A9937D4AB687F47FC98EA9E4AF&seo=CRZP-detail-kniha